Villes du Monde sur une carte par lettre - H - Statistiques

Statistiques générales
  • Ce quiz a été pris 19 813 fois
  • Le résultat moyen est 8 sur 20
Réponses sur la Carte
Les réponses sont colorées sur une échelle allant du rouge au vert en fonction du pourcentage des utilisateurs qui les ont devinées à leur premier essai. Vous pouvez retrouver ces pourcentages ci-dessous.
 
Statistiques - réponses
Villes % Correct
Hambourg
81%
Helsinki
81%
Houston
72%
Hanoï
69%
Honolulu
64%
Hong Kong
62%
Hyères
50%
Hiroshima
49%
Hô Chi Minh-Ville
47%
Harare
40%
Héraklion
35%
Haïfa
25%
Halifax
23%
Honiara
21%
Hyderabad
19%
Hobart
17%
Hangzhou
12%
Harbin
11%
Hasselt
9%
Hargeisa
6%
Aucun quiz correspondant
Distribution des résultats
% des personnes avec chaque résultat
Percentile par nombre de réponses
Votre historique - résultats
Vous n’avez pas pris ce quiz